[Event "Karl Mala Memorial op 09th"]
[Site "Frankfurt"]
[Date "2005.07.31"]
[Round "6"]
[White "Wezorke, Stephan"]
[Black "Rubel, Julian"]
[Result "0-1"]
[WhiteElo "1603"]
[BlackElo "2076"]
[PlyCount "74"]
[EventDate "2005.07.28"]
[EventType "swiss"]
[EventRounds "7"]
[EventCountry "GER"]
[SourceTitle "EXT 2006"]
[Source "ChessBase"]
[SourceDate "2005.11.24"]
[SourceVersion "1"]
[SourceVersionDate "2005.11.24"]
[SourceQuality "1"]

1. d4 Nf6 2. c4 c5 3. e3 g6 4. Nf3 Bg7 5. b3 0-0 6. Be2 cxd4 7. Nxd4 d6 8. 0-0 Nc6 9. Bb2 Rb8 10. Nd2 a6 11. N2f3 Bd7 12. Rc1 Nxd4 13. Nxd4 Ne8 14. Qc2 Rc8 15. Nf3 Nf6 16. Nd4 b5 17. Qd2 Qb6 18. Qd3 e5 19. Nf3 e4 20. Qd4 Qa5 21. Qxd6 exf3 22. Bxf3 Be6 23. Bb7 Rcd8 24. Qxa6 Qxa6 25. Bxa6 bxc4 26. Bxc4 Bxc4 27. Rxc4 Rd2 28. Rb1 Rfd8 29. g3 h5 30. Rd4 R8xd4 31. Bxd4 Rxa2 32. b4 Nd5 33. b5 Bxd4 34. exd4 Nb6 35. Kg2 Rd2 36. Rb4 Nd5 37. Rc4 Ne3+ 0-1

[Event "Karl Mala Memorial op 09th"]
[Site "Frankfurt"]
[Date "2005.07.28"]
[Round "1"]
[White "Beherzig, Ralf"]
[Black "Wezorke, Stephan"]
[Result "0-1"]
[WhiteElo "2107"]
[BlackElo "1603"]
[PlyCount "112"]
[EventDate "2005.07.28"]
[EventType "swiss"]
[EventRounds "7"]
[EventCountry "GER"]
[SourceTitle "EXT 2006"]
[Source "ChessBase"]
[SourceDate "2005.11.24"]
[SourceVersion "1"]
[SourceVersionDate "2005.11.24"]
[SourceQuality "1"]

1. e4 c5 2. Nf3 d6 3. d4 cxd4 4. Nxd4 Nf6 5. Bd3 e6 6. 0-0 Be7 7. c4 0-0 8. Nc3 Nbd7 9. b3 d5 10. exd5 exd5 11. cxd5 Nb6 12. Bb2 Nfxd5 13. Rc1 Nf4 14. Be4 Bf6 15. Qf3 Nxg2 16. Qxg2 Qxd4 17. Na4 Qd6 18. Bxf6 Qxf6 19. Nc5 a5 20. Nxb7 a4 21. b4 Qb2 22. Nd6 Rb8 23. Nxc8 Nxc8 24. Qh3 g6 25. a3 Nd6 26. Bb1 Nb5 27. Rc2 Qxa3 28. Qxa3 Nxa3 29. Ra2 Nxb1 30. Rxb1 Ra8 31. Rba1 f5 32. Kg2 Kf7 33. Kf3 Ke6 34. Rxa4 Rxa4 35. Rxa4 Rb8 36. Kf4 h6 37. h4 Kf6 38. Ke3 g5 39. hxg5+ Kxg5 40. Kd4 h5 41. Kc5 h4 42. b5 h3 43. b6 h2 44. Ra1 Kg4 45. Rb1 Kf3 46. Kd4 Kxf2 47. Ke5 Kg2 48. Rb2+ Kg3 49. Rb3+ Kg4 50. Rb4+ Kg5 51. Rb1 Rxb6 52. Rh1 Rb2 53. Kd4 Kg4 54. Kc3 Rg2 55. Kd3 Kg3 56. Ke3 Rg1 0-1